<?xml version="1.0" encoding="UTF-8"?>
<record
    xmlns:xsi="http://www.w3.org/2001/XMLSchema-instance"
    xsi:schemaLocation="http://www.loc.gov/MARC21/slim http://www.loc.gov/standards/marcxml/schema/MARC21slim.xsd"
    xmlns="http://www.loc.gov/MARC21/slim">

  <leader>00701nab a2200229 uc4500</leader>
  <controlfield tag="001">606998</controlfield>
  <controlfield tag="005">20240630085345.0</controlfield>
  <controlfield tag="008">000711s2000                        por  </controlfield>
  <datafield tag="035" ind1=" " ind2=" ">
    <subfield code="a">606998</subfield>
  </datafield>
  <datafield tag="035" ind1=" " ind2=" ">
    <subfield code="a">(OCoLC)819837253</subfield>
  </datafield>
  <datafield tag="040" ind1=" " ind2=" ">
    <subfield code="c">comduadb</subfield>
  </datafield>
  <datafield tag="041" ind1=" " ind2=" ">
    <subfield code="a">por</subfield>
  </datafield>
  <datafield tag="100" ind1="1" ind2="0">
    <subfield code="a">Cordeiro, Darcy</subfield>
    <subfield code="4">aut</subfield>
    <subfield code="e">aut</subfield>
    <subfield code="9">504229</subfield>
  </datafield>
  <datafield tag="245" ind1="1" ind2="0">
    <subfield code="a">Imanencia e trascendencia humanas</subfield>
  </datafield>
  <datafield tag="650" ind1=" " ind2=" ">
    <subfield code="a">Trascendencia</subfield>
    <subfield code="9">34146</subfield>
  </datafield>
  <datafield tag="650" ind1=" " ind2="7">
    <subfield code="a">Trascendentalismo</subfield>
    <subfield code="2">lemb</subfield>
    <subfield code="9">32056</subfield>
  </datafield>
  <datafield tag="650" ind1=" " ind2="7">
    <subfield code="a">Sentido com&#xFA;n</subfield>
    <subfield code="2">lemb</subfield>
    <subfield code="9">3956</subfield>
  </datafield>
  <datafield tag="650" ind1=" " ind2="7">
    <subfield code="a">Ciencia</subfield>
    <subfield code="2">lemb</subfield>
    <subfield code="9">1783</subfield>
  </datafield>
  <datafield tag="650" ind1=" " ind2="7">
    <subfield code="a">Teolog&#xED;a</subfield>
    <subfield code="2">lemb</subfield>
    <subfield code="9">32640</subfield>
  </datafield>
  <datafield tag="773" ind1="0" ind2=" ">
    <subfield code="t">Fragmentos de Cultura (Goiania)</subfield>
    <subfield code="g">Vol. 10, No. 01, Ene.-Feb. 2000, p. 47-62</subfield>
    <subfield code="w">551406</subfield>
    <subfield code="x">1414-9494</subfield>
    <subfield code="0">131998</subfield>
  </datafield>
  <datafield tag="942" ind1=" " ind2=" ">
    <subfield code="c">ARIMP</subfield>
  </datafield>
  <datafield tag="999" ind1=" " ind2=" ">
    <subfield code="c">184446</subfield>
    <subfield code="d">184446</subfield>
  </datafield>
</record>
